[Event "Titled Tuesday intern op 16th Apr Early"]
[Site "Chess.com INT"]
[Date "2024.04.16"]
[Round "5"]
[White "Emeliantsev, Anatoliy"]
[Black "Guerra Tulcan, Lenin"]
[Result "0-1"]
[WhiteElo "2359"]
[BlackElo "2310"]
[PlyCount "46"]
[EventDate "2024.04.16"]
[EventType "swiss (blitz)"]
[EventRounds "11"]
[EventCountry "USA"]
[SourceTitle "CB17_2024"]
[SourceDate "2024.04.24"]
[SourceVersion "1"]
[SourceVersionDate "2024.04.24"]
[SourceQuality "1"]

1. d4 Nf6 2. c4 c5 3. Nc3 cxd4 4. Qxd4 Nc6 5. Qd2 e5 6. e3 Bb4 7. a3 Bxc3 8. Qxc3 d5 9. cxd5 Qxd5 10. Nf3 0-0 11. Bc4 Qe4 12. 0-0 Bg4 13. Nd2 Qg6 14. f3 Bh3 15. Rf2 Rfd8 16. Nf1 Rac8 17. Qc2 Bf5 18. e4 Nd4 19. Qd3 Bh3 20. Ba2 Nc2 21. Rxc2 Rxd3 22. Rxc8+ Bxc8 23. Be3 h5 0-1

[Event "Titled Tuesday intern op 16th Apr Early"]
[Site "Chess.com INT"]
[Date "2024.04.16"]
[Round "10"]
[White "Guerra Tulcan, Lenin"]
[Black "Novoselov, Roman"]
[Result "0-1"]
[WhiteElo "2310"]
[BlackElo "2279"]
[PlyCount "66"]
[EventDate "2024.04.16"]
[EventType "swiss (blitz)"]
[EventRounds "11"]
[EventCountry "USA"]
[SourceTitle "CB17_2024"]
[SourceDate "2024.04.24"]
[SourceVersion "1"]
[SourceVersionDate "2024.04.24"]
[SourceQuality "1"]

1. e4 c5 2. Nf3 d6 3. b4 cxb4 4. a3 bxa3 5. Bxa3 Nf6 6. Bd3 g6 7. 0-0 Bg7 8. c3 0-0 9. Bc2 b5 10. d4 Bb7 11. Nbd2 Nbd7 12. Qe2 a6 13. Rfb1 Qc7 14. c4 bxc4 15. Nxc4 Rac8 16. Bd3 d5 17. Na5 Qxa5 18. Rxb7 dxe4 19. Bxe4 Nxe4 20. Qxe4 Nc5 21. dxc5 Bxa1 22. Bb4 Qa4 23. Qb1 Rfd8 24. Be1 Rd1 25. Qb4 Qxb4 26. Rxb4 Bc3 27. Re4 Rxc5 28. Kf1 Bxe1 29. Nxe1 e6 30. Ke2 Rd8 31. Ra4 a5 32. Nd3 Rc2+ 33. Ke3 Rc3 0-1

[Event "Titled Tuesday intern op 16th Apr Early"]
[Site "Chess.com INT"]
[Date "2024.04.16"]
[Round "9"]
[White "Hua, Lefong"]
[Black "Guerra Tulcan, Lenin"]
[Result "0-1"]
[WhiteElo "2305"]
[BlackElo "2310"]
[PlyCount "102"]
[EventDate "2024.04.16"]
[EventType "swiss (blitz)"]
[EventRounds "11"]
[EventCountry "USA"]
[SourceTitle "CB17_2024"]
[SourceDate "2024.04.24"]
[SourceVersion "1"]
[SourceVersionDate "2024.04.24"]
[SourceQuality "1"]

1. d4 Nf6 2. c4 c5 3. d5 b5 4. cxb5 a6 5. b6 d6 6. Nc3 Nbd7 7. a4 Qxb6 8. a5 Qb8 9. e4 g6 10. f4 Bg7 11. Bc4 0-0 12. Qd3 Ra7 13. Nf3 Rb7 14. 0-0 Rb4 15. Ra2 Rd8 16. b3 Nf8 17. Bd2 e6 18. h3 Bb7 19. Na4 exd5 20. exd5 Bc8 21. Nb6 Bf5 22. Qe2 Re8 23. Qd1 Rxc4 24. bxc4 Ne4 25. Be1 Nc3 26. Bxc3 Bxc3 27. g4 Be4 28. Ng5 Bd4+ 29. Kh2 h6 30. Nxe4 Rxe4 31. Re2 Qe8 32. Rfe1 Be3 33. Kg2 f5 34. Qd3 Bxf4 35. Rxe4 fxe4 36. Qxe4 Be5 37. Rf1 Qe7 38. Qf3 Nh7 39. Qe4 Kg7 40. Qb1 Qh4 41. Qd3 Nf6 42. Qf3 Qg5 43. Nc8 Qd2+ 44. Rf2 Qd4 45. Rc2 h5 46. Ne7 hxg4 47. hxg4 Nxg4 48. Re2 Nf6 49. Rf2 Qh4 50. Qh3 Qg5+ 51. Kf1 Ng4 0-1

[Event "Titled Tuesday intern op 02nd Apr Early"]
[Site "Chess.com INT"]
[Date "2024.04.02"]
[Round "2"]
[White "Bartel, Michal"]
[Black "Guerra Tulcan, Lenin"]
[Result "1-0"]
[WhiteElo "2252"]
[BlackElo "2310"]
[PlyCount "77"]
[EventDate "2024.04.02"]
[EventType "swiss (blitz)"]
[EventRounds "11"]
[EventCountry "USA"]
[SourceTitle "CB15_2024"]
[SourceDate "2024.04.10"]
[SourceVersion "1"]
[SourceVersionDate "2024.04.10"]
[SourceQuality "1"]

1. e4 c5 2. Ne2 e6 3. g3 b6 4. Bg2 Bb7 5. 0-0 d6 6. c3 Nd7 7. d4 cxd4 8. cxd4 Rc8 9. Nbc3 Qc7 10. Be3 Qb8 11. Rc1 Ngf6 12. f3 Be7 13. g4 0-0 14. Ng3 d5 15. e5 Ne8 16. f4 Ba6 17. Rf2 b5 18. f5 b4 19. Nce2 Rxc1 20. Qxc1 Bd3 21. Nf4 Qb6 22. Nxd3 Nc7 23. fxe6 fxe6 24. Rxf8+ Bxf8 25. Ne2 Nb8 26. Nc5 Nc6 27. Nd7 Qb5 28. Nf4 Be7 29. Bf1 Qb7 30. Nc5 Qc8 31. Bd3 a5 32. Qc2 h6 33. Bh7+ Kf8 34. Ng6+ Ke8 35. Nxe7 Kxe7 36. Qg6 Qf8 37. g5 Qf3 38. Qxg7+ Kd8 39. Qd7# 1-0

[Event "Titled Tuesday intern op 02nd Apr Late"]
[Site "Chess.com INT"]
[Date "2024.04.02"]
[Round "6"]
[White "Dziewonski, Dariusz"]
[Black "Guerra Tulcan, Lenin"]
[Result "0-1"]
[WhiteElo "2289"]
[BlackElo "2310"]
[PlyCount "108"]
[EventDate "2024.04.02"]
[EventType "swiss (blitz)"]
[EventRounds "11"]
[EventCountry "USA"]
[SourceTitle "CB15_2024"]
[SourceDate "2024.04.10"]
[SourceVersion "1"]
[SourceVersionDate "2024.04.10"]
[SourceQuality "1"]

1. e4 c5 2. Nf3 e6 3. d4 cxd4 4. Nxd4 Nc6 5. Nc3 Qc7 6. Be2 a6 7. Nxc6 bxc6 8. Qd3 e5 9. Qg3 Nf6 10. 0-0 d6 11. f4 Be7 12. Kh1 h5 13. fxe5 dxe5 14. Qxg7 Rg8 15. Qh6 Rg6 16. Qe3 Be6 17. Bd2 a5 18. Na4 Rd8 19. Bc3 h4 20. b3 h3 21. gxh3 Nxe4 22. Bf3 Nxc3 23. Qxc3 Bxh3 24. Rg1 Rdd6 25. Rxg6 Rf6 26. Rxf6 Bxf6 27. Qxc6+ Qxc6 28. Bxc6+ Ke7 29. Be4 Bg5 30. Rd1 f5 31. Bg2 Bg4 32. Rd5 Bf4 33. Rxa5 Bd1 34. Rc5 Kf6 35. Rc4 Be3 36. Nc5 f4 37. Ne4+ Kf5 38. Bh3+ Kg6 39. Rc6+ Kh5 40. Bg2 f3 41. Ng3+ Kg5 42. Rd6 fxg2+ 43. Kxg2 Bxc2 44. Rd5 Kf4 45. Ne2+ Ke4 46. Ra5 Kd3 47. Ng3 Bd4 48. Rd5 Bb1 49. Nf5 Bxa2 50. Nxd4 exd4 51. Rb5 Kc3 52. b4 d3 53. Rb6 Bd5+ 54. Kf2 d2 0-1

[Event "Titled Tuesday intern op 26th Sep Late"]
[Site "Chess.com INT"]
[Date "2023.09.26"]
[Round "10"]
[White "Blanco Diez, David"]
[Black "Guerra Tulcan, Lenin"]
[Result "0-1"]
[WhiteElo "2298"]
[BlackElo "2310"]
[PlyCount "38"]
[EventDate "2023.09.26"]
[EventType "swiss (blitz)"]
[EventRounds "11"]
[EventCountry "USA"]
[SourceTitle "EXT 2024"]
[Source "ChessBase"]
[SourceDate "2023.10.10"]
[SourceVersion "1"]
[SourceVersionDate "2023.10.10"]
[SourceQuality "1"]

1. Nf3 Nf6 2. b3 e6 3. Bb2 c5 4. c4 Be7 5. g3 b6 6. Bg2 Bb7 7. 0-0 0-0 8. Nc3 a6 9. d4 cxd4 10. Qxd4 d6 11. Rad1 Nbd7 12. e4 Qc7 13. Rfe1 Ne5 14. Qe3 Rac8 15. Nd4 Qb8 16. h3 Nc6 17. Nde2 Rfd8 18. Kh2 Ne5 19. f4 Neg4+ 0-1

[Event "Titled Tuesday intern op 26th Sep Late"]
[Site "Chess.com INT"]
[Date "2023.09.26"]
[Round "4"]
[White "Guerra Tulcan, Lenin"]
[Black "Tinmaz, Kerem"]
[Result "0-1"]
[WhiteElo "2310"]
[BlackElo "2106"]
[PlyCount "96"]
[EventDate "2023.09.26"]
[EventType "swiss (blitz)"]
[EventRounds "11"]
[EventCountry "USA"]
[SourceTitle "EXT 2024"]
[Source "ChessBase"]
[SourceDate "2023.10.10"]
[SourceVersion "1"]
[SourceVersionDate "2023.10.10"]
[SourceQuality "1"]

1. e4 c6 2. Nf3 d5 3. exd5 cxd5 4. Ne5 Nc6 5. Bb5 Bd7 6. Bxc6 bxc6 7. 0-0 Nf6 8. b3 e6 9. Bb2 Bd6 10. Re1 0-0 11. d3 Qc7 12. Nd2 a5 13. c4 c5 14. d4 cxd4 15. Bxd4 Bc5 16. Bxc5 Qxc5 17. cxd5 Qxd5 18. Ndc4 Bb5 19. Qc1 Rac8 20. Qa3 Bxc4 21. Nxc4 Rc5 22. Re5 Qd4 23. Rae1 Rxe5 24. Nxe5 Ne4 25. Ng4 h5 26. Qa4 Qxa4 27. bxa4 hxg4 28. Rxe4 Rb8 29. g3 Rb2 30. Rxg4 Rxa2 31. Rc4 Ra1+ 32. Kg2 g6 33. h4 Kg7 34. Kf3 Ra2 35. Ke3 Kf6 36. Rf4+ Ke7 37. Kd3 Ra3+ 38. Kc2 e5 39. Re4 Kd6 40. Kb2 Rf3 41. Re2 f5 42. Rd2+ Ke6 43. Re2 e4 44. Ka2 Ke5 45. Kb2 Kd4 46. Rd2+ Kc4 47. Rd6 Rxf2+ 48. Kb1 e3 0-1

[Event "Titled Tuesday intern op 26th Sep Late"]
[Site "Chess.com INT"]
[Date "2023.09.26"]
[Round "6"]
[White "Powell, Paul J"]
[Black "Guerra Tulcan, Lenin"]
[Result "0-1"]
[WhiteElo "2270"]
[BlackElo "2310"]
[PlyCount "58"]
[EventDate "2023.09.26"]
[EventType "swiss (blitz)"]
[EventRounds "11"]
[EventCountry "USA"]
[SourceTitle "EXT 2024"]
[Source "ChessBase"]
[SourceDate "2023.10.10"]
[SourceVersion "1"]
[SourceVersionDate "2023.10.10"]
[SourceQuality "1"]

1. d4 Nf6 2. Nf3 e6 3. Bf4 c5 4. e3 b6 5. Nbd2 Bb7 6. Nc4 d6 7. dxc5 e5 8. Bg3 bxc5 9. c3 Be7 10. Be2 0-0 11. h3 e4 12. Nfd2 d5 13. Na3 Bd6 14. Bxd6 Qxd6 15. 0-0 Nc6 16. Rb1 Qe5 17. Nc2 Rad8 18. Qc1 Bc8 19. Rd1 Qg5 20. Kh1 Ne5 21. Nf1 Qh4 22. Kg1 Rd6 23. Qd2 Bxh3 24. Ng3 Nfg4 25. Qe1 Bxg2 26. Kxg2 Qh2+ 27. Kf1 Qh3+ 28. Kg1 Nf3+ 29. Bxf3 exf3 0-1

[Event "Titled Tuesday intern op 29th Aug Late"]
[Site "Chess.com INT"]
[Date "2023.08.29"]
[Round "7"]
[White "Adewumi, Tanitoluwa"]
[Black "Guerra Tulcan, Lenin"]
[Result "1-0"]
[WhiteElo "2277"]
[BlackElo "2310"]
[PlyCount "45"]
[EventDate "2023.08.29"]
[EventType "swiss (blitz)"]
[EventRounds "11"]
[EventCountry "USA"]
[SourceTitle "EXT 2024"]
[Source "ChessBase"]
[SourceDate "2023.10.10"]
[SourceVersion "1"]
[SourceVersionDate "2023.10.10"]
[SourceQuality "1"]

1. e4 c5 2. Nf3 e6 3. c3 b6 4. d4 cxd4 5. cxd4 Bb7 6. Nc3 Nf6 7. Bd3 d6 8. 0-0 Be7 9. Re1 0-0 10. Bf4 a6 11. Rc1 Nbd7 12. e5 dxe5 13. Nxe5 Nxe5 14. Bxe5 Nd5 15. Nxd5 Bxd5 16. Re3 Bg5 17. Qh5 g6 18. Qh3 Bxe3 19. fxe3 f6 20. Rc7 h5 21. Qg3 g5 22. Qxg5+ fxg5 23. Bh7# 1-0

[Event "Titled Tuesday intern op 29th Aug Late"]
[Site "Chess.com INT"]
[Date "2023.08.29"]
[Round "5"]
[White "Leiva Rodriguez, Jeammarco Giuseppe"]
[Black "Guerra Tulcan, Lenin"]
[Result "0-1"]
[WhiteElo "2380"]
[BlackElo "2310"]
[PlyCount "140"]
[EventDate "2023.08.29"]
[EventType "swiss (blitz)"]
[EventRounds "11"]
[EventCountry "USA"]
[SourceTitle "EXT 2024"]
[Source "ChessBase"]
[SourceDate "2023.10.10"]
[SourceVersion "1"]
[SourceVersionDate "2023.10.10"]
[SourceQuality "1"]

1. e4 c5 2. Nf3 e6 3. g3 b6 4. Bg2 Bb7 5. d3 d6 6. 0-0 Nd7 7. Re1 Qc7 8. b3 Ngf6 9. Bb2 Be7 10. c4 0-0 11. Nc3 a6 12. d4 cxd4 13. Nxd4 Rac8 14. Rc1 Qb8 15. Rc2 Rfd8 16. Rd2 Nf8 17. h3 Ng6 18. Nc2 h5 19. h4 Ne5 20. Nd4 Nc6 21. Nde2 Ne5 22. Nd4 Nc6 23. Nxc6 Bxc6 24. Nd5 Bxd5 25. exd5 e5 26. Bh3 Rc7 27. Bxe5 dxe5 28. d6 Rxd6 29. Rxd6 Bxd6 30. Qxd6 e4 31. Bf5 Rc8 32. Qxb8 Rxb8 33. Bxe4 Rd8 34. Bd5 Kf8 35. Rd1 Re8 36. Bf3 Re6 37. Rd8+ Ke7 38. Ra8 a5 39. Ra7+ Kf8 40. Kf1 g6 41. Rb7 Ne8 42. Bd5 Rf6 43. f4 Ng7 44. Rb8+ Ke7 45. Rb7+ Kf8 46. Kf2 Nf5 47. a3 Ne7 48. Be4 Re6 49. Kf3 Ke8 50. Rb8+ Kd7 51. Rf8 Rf6 52. Ra8 Kc7 53. Ra7+ Kd8 54. Ra8+ Kc7 55. Ra7+ Kd8 56. b4 axb4 57. axb4 Nc8 58. Rb7 Nd6 59. Rxb6 Nxe4 60. Rb8+ Kc7 61. Rf8 Nd6 62. c5 Nf5 63. Re8 Nd4+ 64. Ke4 Nc6 65. b5 Nd8 66. Re7+ Kc8 67. Ke5 Rf5+ 68. Kd6 Nb7+ 69. Rxb7 Kxb7 70. c6+ Kb6 0-1

[Event "Titled Tuesday intern op 01st Aug Early"]
[Site "Chess.com INT"]
[Date "2023.08.01"]
[Round "5"]
[White "Bogaudinov, Rushan"]
[Black "Guerra Tulcan, Lenin"]
[Result "0-1"]
[WhiteElo "1853"]
[BlackElo "2310"]
[PlyCount "86"]
[EventDate "2023.08.01"]
[EventType "swiss (blitz)"]
[EventRounds "11"]
[EventCountry "USA"]
[SourceTitle "EXT 2024"]
[Source "ChessBase"]
[SourceDate "2023.10.10"]
[SourceVersion "1"]
[SourceVersionDate "2023.10.10"]
[SourceQuality "1"]

1. e4 c5 2. Nf3 e6 3. g3 Nc6 4. Bg2 Nf6 5. Nc3 Be7 6. 0-0 d6 7. Re1 0-0 8. d3 a6 9. a4 b6 10. b3 Bb7 11. Bb2 Re8 12. Qd2 Bf8 13. Ng5 h6 14. Nf3 Rc8 15. Nh4 Nd4 16. f4 Qc7 17. Rac1 Qb8 18. Ne2 e5 19. fxe5 dxe5 20. Rf1 Nh7 21. Rf2 b5 22. axb5 axb5 23. Rcf1 f6 24. Nc3 c4 25. bxc4 bxc4 26. Bh3 Rcd8 27. Ne2 cxd3 28. cxd3 Nb3 29. Qc2 Ba6 30. Rd1 Ng5 31. Bg2 Bc5 32. Nf5 Bxf2+ 33. Kxf2 Qa7+ 34. Kf1 Qc5 35. Qxb3+ Kh7 36. Ba3 Qa5 37. h4 Ne6 38. d4 exd4 39. Nfxd4 Nxd4 40. Bf3 Nxf3 41. Qxf3 Rxd1+ 42. Kf2 Bxe2 43. Kxe2 Qd2# 0-1

[Event "Titled Tuesday intern op 01st Aug Early"]
[Site "Chess.com INT"]
[Date "2023.08.01"]
[Round "3"]
[White "Guerra Tulcan, Lenin"]
[Black "Gatterer, Florian"]
[Result "1/2-1/2"]
[WhiteElo "2310"]
[BlackElo "2170"]
[PlyCount "48"]
[EventDate "2023.08.01"]
[EventType "swiss (blitz)"]
[EventRounds "11"]
[EventCountry "USA"]
[SourceTitle "EXT 2024"]
[Source "ChessBase"]
[SourceDate "2023.10.10"]
[SourceVersion "1"]
[SourceVersionDate "2023.10.10"]
[SourceQuality "1"]

1. e4 c5 2. Nf3 e6 3. d4 cxd4 4. Nxd4 Nf6 5. Nc3 Nc6 6. Ndb5 Bb4 7. a3 Bxc3+ 8. Nxc3 d5 9. exd5 exd5 10. Bd3 0-0 11. 0-0 Bg4 12. f3 Bh5 13. Kh1 Qb6 14. Rb1 d4 15. Ne4 Nxe4 16. Bxe4 Bg6 17. Bxg6 hxg6 18. Bf4 Rad8 19. Qd3 Rfe8 20. b3 Qc5 21. Rbe1 a6 22. Bg3 Qxa3 23. Re4 Rxe4 24. fxe4 Qc5 1/2-1/2

[Event "Titled Tuesday intern op 01st Aug Early"]
[Site "Chess.com INT"]
[Date "2023.08.01"]
[Round "8"]
[White "Guerra Tulcan, Lenin"]
[Black "Naroditsky, Daniel"]
[Result "0-1"]
[WhiteElo "2310"]
[BlackElo "2619"]
[PlyCount "62"]
[EventDate "2023.08.01"]
[EventType "swiss (blitz)"]
[EventRounds "11"]
[EventCountry "USA"]
[SourceTitle "EXT 2024"]
[Source "ChessBase"]
[SourceDate "2023.10.10"]
[SourceVersion "1"]
[SourceVersionDate "2023.10.10"]
[SourceQuality "1"]

1. e4 Nf6 2. e5 Nd5 3. c4 Nb6 4. a4 a5 5. d4 d6 6. exd6 exd6 7. Ra3 Be7 8. Rg3 0-0 9. Nf3 Bf5 10. Nc3 Nc6 11. Be2 Bf6 12. Kf1 Re8 13. Be3 d5 14. c5 Nc4 15. Bxc4 dxc4 16. Kg1 Nxd4 17. h4 Nc2 18. Qxd8 Raxd8 19. Bf4 Rd7 20. Kh2 Nb4 21. Bg5 Bxg5 22. Rxg5 g6 23. h5 h6 24. Rg3 g5 25. Nh4 Bh7 26. f4 Rd4 27. Rf1 Nd3 28. Nf3 Rxf4 29. Nd5 Rf5 30. Nxg5 Rxf1 31. Ne6+ Kh8 0-1

[Event "Titled Tuesday intern op 01st Aug Early"]
[Site "Chess.com INT"]
[Date "2023.08.01"]
[Round "11"]
[White "Guerra Tulcan, Lenin"]
[Black "Papayan, Oleg"]
[Result "1-0"]
[WhiteElo "2310"]
[BlackElo "2197"]
[PlyCount "61"]
[EventDate "2023.08.01"]
[EventType "swiss (blitz)"]
[EventRounds "11"]
[EventCountry "USA"]
[SourceTitle "EXT 2024"]
[Source "ChessBase"]
[SourceDate "2023.10.10"]
[SourceVersion "1"]
[SourceVersionDate "2023.10.10"]
[SourceQuality "1"]

1. e4 d5 2. exd5 Qxd5 3. d4 Nf6 4. Nf3 c6 5. Be2 Bf5 6. 0-0 e6 7. c4 Qd8 8. Nc3 Nbd7 9. Re1 Bd6 10. d5 cxd5 11. cxd5 e5 12. Nb5 Qb8 13. Nd2 0-0 14. Nc4 Bc5 15. d6 a6 16. Nc7 Ra7 17. Be3 Bxe3 18. Nxe3 Bg6 19. a4 Ne8 20. Rc1 Nxc7 21. dxc7 Qc8 22. Nd5 Re8 23. b4 b6 24. Rc6 Be4 25. Bc4 Bxd5 26. Qxd5 Re7 27. Bd3 Rxc7 28. Rec1 Nf6 29. Rxc7 Rxc7 30. Rxc7 Qxc7 31. Qa8+ 1-0

[Event "Titled Tuesday intern op 25th Jul Early"]
[Site "Chess.com INT"]
[Date "2023.07.25"]
[Round "4"]
[White "Guerra Tulcan, Lenin"]
[Black "Fernandez Bustamante, Leancy B"]
[Result "0-1"]
[WhiteElo "2310"]
[BlackElo "2059"]
[PlyCount "158"]
[EventDate "2023.07.25"]
[EventType "swiss (blitz)"]
[EventRounds "11"]
[EventCountry "USA"]
[SourceTitle "EXT 2024"]
[Source "ChessBase"]
[SourceDate "2023.10.10"]
[SourceVersion "1"]
[SourceVersionDate "2023.10.10"]
[SourceQuality "1"]

1. e4 c5 2. Nf3 a6 3. c4 Nc6 4. Nc3 d6 5. d4 cxd4 6. Nxd4 Nxd4 7. Qxd4 Nf6 8. Be2 g6 9. 0-0 Bg7 10. Bg5 0-0 11. Qd2 Be6 12. Rfd1 Qa5 13. Bxf6 Bxf6 14. Nd5 Qxd2 15. Nxf6+ Kg7 16. Rxd2 Kxf6 17. f4 Rac8 18. b3 Rc5 19. Kf2 b5 20. b4 Rcc8 21. cxb5 axb5 22. Bxb5 Bc4 23. Bd7 Rb8 24. a3 Rb7 25. Rc1 Bb3 26. Bc6 Ra7 27. Rb2 Ba4 28. Bxa4 Rxa4 29. Rc3 Rfa8 30. Rbb3 e6 31. Ke3 h6 32. Kd3 g5 33. fxg5+ hxg5 34. Kc2 Ke5 35. Re3 Rc8+ 36. Kb2 Rc4 37. b5 Ra7 38. b6 Rb7 39. Rb5+ Kd4 40. Reb3 d5 41. exd5 exd5 42. R3b4 Rxb4+ 43. Rxb4+ Kc5 44. Kc3 Rxb6 45. Rxb6 Kxb6 46. Kd4 Kc6 47. a4 f5 48. a5 f4 49. a6 g4 50. a7 Kb7 51. Kxd5 f3 52. gxf3 gxf3 53. Ke4 f2 54. Kf4 f1Q+ 55. Kg3 Qf8 56. h4 Qh8 57. Kg4 Kxa7 58. Kg5 Kb7 59. h5 Kc7 60. Kg6 Kd7 61. h6 Ke7 62. h7 Kf8 63. Kf5 Kg7 64. Ke4 Qxh7+ 65. Kd5 Qg6 66. Kc5 Qf6 67. Kc4 Qe6+ 68. Kd3 Kf6 69. Kd2 Qe5 70. Kd3 Kf5 71. Kd2 Qe4 72. Kc3 Kf4 73. Kd2 Qe3+ 74. Kd1 Ke4 75. Kc2 Qd3+ 76. Kc1 Qe2 77. Kb1 Kd3 78. Kc1 Kc3 79. Kb1 Qb2# 0-1

[Event "Titled Tuesday intern op 25th Jul Early"]
[Site "Chess.com INT"]
[Date "2023.07.25"]
[Round "7"]
[White "Guerra Tulcan, Lenin"]
[Black "Gulamirian, Korun"]
[Result "1-0"]
[WhiteElo "2310"]
[BlackElo "1816"]
[PlyCount "123"]
[EventDate "2023.07.25"]
[EventType "swiss (blitz)"]
[EventRounds "11"]
[EventCountry "USA"]
[SourceTitle "EXT 2024"]
[Source "ChessBase"]
[SourceDate "2023.10.10"]
[SourceVersion "1"]
[SourceVersionDate "2023.10.10"]
[SourceQuality "1"]

1. e4 e5 2. Nf3 Nc6 3. Bb5 a6 4. Ba4 Nf6 5. Qe2 b5 6. Bb3 Bc5 7. 0-0 0-0 8. c3 Re8 9. Rd1 d5 10. d3 Bg4 11. Bg5 d4 12. Nbd2 h6 13. Bh4 Qd6 14. h3 Bh5 15. g4 Nxg4 16. hxg4 Bxg4 17. Qf1 dxc3 18. bxc3 Qg6 19. Qg2 Qh5 20. Bg3 Rad8 21. Nh2 Bxd1 22. Bxd1 Qg6 23. Be2 b4 24. cxb4 Nd4 25. Bf1 Bxb4 26. Ndf3 f6 27. Nxd4 Rxd4 28. Nf3 Rd6 29. Nh4 Qf7 30. Nf5 Rc6 31. Rb1 Bd2 32. Be2 Kh7 33. a4 Rc1+ 34. Rxc1 Bxc1 35. Qf1 Bg5 36. Qb1 Qd7 37. Qb3 c5 38. Kg2 Qc7 39. f3 Rb8 40. Qe6 Rb2 41. Kf1 g6 42. Qe7+ Qxe7 43. Nxe7 Ra2 44. Bd1 Be3 45. Nd5 Bg5 46. Be1 h5 47. Bb3 Ra1 48. Ke2 h4 49. Bf2 h3 50. Bg3 Bh4 51. Bh2 Rb1 52. Bc2 Rb2 53. Kd2 Be1+ 54. Kc1 Ra2 55. Nxf6+ Kg7 56. Ng4 Ra1+ 57. Bb1 Bc3 58. Kc2 Bd4 59. Kc1 Rxa4 60. Bc2 Ra1+ 61. Bb1 a5 62. Nxe5 1-0

[Event "Titled Tuesday intern op 04th Jul Early"]
[Site "Chess.com INT"]
[Date "2023.07.04"]
[Round "5"]
[White "Aravindh, Chithambaram VR"]
[Black "Guerra Tulcan, Lenin"]
[Result "1-0"]
[WhiteElo "2645"]
[BlackElo "2310"]
[PlyCount "121"]
[EventDate "2023.07.04"]
[EventType "swiss (blitz)"]
[EventRounds "11"]
[EventCountry "USA"]
[SourceTitle "EXT 2024"]
[Source "ChessBase"]
[SourceDate "2023.10.10"]
[SourceVersion "1"]
[SourceVersionDate "2023.10.10"]
[SourceQuality "1"]

1. d4 Nf6 2. Nf3 c5 3. d5 d6 4. Nc3 g6 5. g3 Bg7 6. Bg2 0-0 7. 0-0 b6 8. a4 Bb7 9. e4 a6 10. Nd2 Nbd7 11. Nc4 Qc7 12. Bf4 Ne5 13. Bxe5 dxe5 14. d6 exd6 15. Qxd6 Qxd6 16. Nxd6 Bc6 17. Rfd1 Rfb8 18. Nc4 Ne8 19. Bh3 Bf6 20. Bd7 Bxd7 21. Rxd7 b5 22. axb5 axb5 23. Rxa8 Rxa8 24. Nxb5 Ra1+ 25. Kg2 Rc1 26. Rd2 Kf8 27. c3 h5 28. h4 Re1 29. Rd7 Be7 30. Nxe5 Rxe4 31. Nc6 Bf6 32. Nd8 Re7 33. Rd5 Re2 34. Nc6 Rxb2 35. Rxc5 Ng7 36. Ncd4 Bxd4 37. Nxd4 Ne6 38. Nxe6+ fxe6 39. Rc7 Rc2 40. Kf3 Kg8 41. Ke3 Kf8 42. c4 Kg8 43. c5 Kf8 44. c6 Rc4 45. Kd3 Rc1 46. Kd4 Ke8 47. Ke5 Re1+ 48. Kf6 Kd8 49. Rd7+ Kc8 50. Kxg6 Re2 51. Rf7 e5 52. Kxh5 e4 53. Kg6 e3 54. fxe3 Rxe3 55. g4 Re6+ 56. Rf6 Re4 57. Kg5 Re5+ 58. Rf5 Re6 59. h5 Kc7 60. h6 Rxc6 61. h7 1-0

[Event "Titled Tuesday intern op 04th Jul Late"]
[Site "Chess.com INT"]
[Date "2023.07.04"]
[Round "7"]
[White "Guerra Tulcan, Lenin"]
[Black "Luong, Phuong Hanh"]
[Result "1-0"]
[WhiteElo "2310"]
[BlackElo "2100"]
[PlyCount "59"]
[EventDate "2023.07.04"]
[EventType "swiss (blitz)"]
[EventRounds "11"]
[EventCountry "USA"]
[SourceTitle "EXT 2024"]
[Source "ChessBase"]
[SourceDate "2023.10.10"]
[SourceVersion "1"]
[SourceVersionDate "2023.10.10"]
[SourceQuality "1"]

1. e4 c5 2. Nf3 e6 3. b4 cxb4 4. a3 d5 5. exd5 Qxd5 6. axb4 Bxb4 7. Bd3 Nf6 8. Nc3 Qd8 9. Ra4 Be7 10. 0-0 0-0 11. Bb2 Nc6 12. Rh4 h6 13. Qe2 Nb4 14. Rd4 Qa5 15. Ra1 Qh5 16. Rh4 Qc5 17. Rc4 Qb6 18. Na4 Qd8 19. Bxf6 Bxf6 20. Rxb4 Bxa1 21. c3 Qa5 22. Qe1 a6 23. Qxa1 b5 24. Be4 Ra7 25. Nd4 Bd7 26. Nb3 Qc7 27. Nac5 a5 28. Rd4 Bc6 29. Bxc6 Qxc6 30. Nd3 1-0

[Event "Titled Tuesday intern op 04th Jul Late"]
[Site "Chess.com INT"]
[Date "2023.07.04"]
[Round "3"]
[White "Guerra Tulcan, Lenin"]
[Black "Oparin, Grigoriy"]
[Result "0-1"]
[WhiteElo "2310"]
[BlackElo "2681"]
[PlyCount "41"]
[EventDate "2023.07.04"]
[EventType "swiss (blitz)"]
[EventRounds "11"]
[EventCountry "USA"]
[SourceTitle "EXT 2024"]
[Source "ChessBase"]
[SourceDate "2023.10.10"]
[SourceVersion "1"]
[SourceVersionDate "2023.10.10"]
[SourceQuality "1"]

1. e4 c5 2. Nf3 Nc6 3. d4 cxd4 4. Nxd4 e5 5. Nb5 d6 6. N1c3 a6 7. Na3 Be6 8. Nd5 Nf6 9. Bg5 Bxd5 10. Bxf6 Qa5+ 11. c3 Bxe4 12. Nc4 Qc7 13. Bg5 d5 14. Ne3 f6 15. Bh4 0-0-0 16. f3 Bg6 17. Nxd5 Qa5 18. Bc4 Bf7 19. Nb6+ Qxb6 20. Bxf7 Rxd1+ 21. Rxd1 0-1